The object constraint language : precise modeling with UML

Αποθηκεύτηκε σε:
Λεπτομέρειες βιβλιογραφικής εγγραφής
Κύριος συγγραφέας: Warmer, Jos B.
Άλλοι συγγραφείς: Kleppe, Anneke G.
Μορφή: Βιβλίο
Γλώσσα:English
Δημοσίευση: Reading, Mass. : Addison Wesley Longman, c1999
Σειρά:Addison-Wesley object technology series
Θέματα:
Ετικέτες: Προσθήκη ετικέτας
Δεν υπάρχουν, Καταχωρήστε ετικέτα πρώτοι!

MARC

LEADER 00000nam a2200000 i 4500
001 1/94773
008 991202s1999 eng d
020 |a 0201379406 
035 |l 10054980 
040 |a GR-MY-UA  |b gre  |e aacr 
041 0 |a eng 
082 0 |a 005.117 
100 0 |a Warmer, Jos B. 
245 1 4 |a The object constraint language :  |b precise modeling with UML /  |c Jos B. Warmer, Anneke G. Kleppe 
260 |a Reading, Mass. :   |b Addison Wesley Longman,   |c c1999 
300 |a xii, 112 p.;  |b ill.;  |c 24 cm. 
490 1 |a Addison-Wesley object technology series 
650 0 0 |a Object-oriented methods (Computer science) 
650 0 0 |a UML (Computer science) 
700 0 |a Kleppe, Anneke G. 
830 0 |a Addison-Wesley object technology series 
852 |a INST  |b SAMOS  |e 19991202  |h 005.117 WAR  |p 005300016531  |q 005300016531  |t BK  |y 0 
901 |a BIBL3-1999-3 
909 |a Σ  |b 069862 
922 |a 3ΕΛΗ  |b 199911  |c ΤΠΕΣ  |d ΠΑΠΑΣΩΤΗΡΙΟΥ 
950 |a 133-1999-07-20 
970 |a ΠΟΥΡΝΑΡΑΣ  |b ΔΗΜΗΤΡΗΣ  |z 1999/12/02